Los cirujanos de hospitales de la Nueva España : 1700-1833 : ¿miembros de un estamento profesional o de una comunidad científica? /

Serie que reconstruye las prácticas, interrelaciones y campos de acción de la medicina novohispana (hospitales, barcos, conventos, cárceles, etc.), rescatando a sus grandes protagonistas personales e institucionales.

Enregistré dans:
Détails bibliographiques
Auteur principal: Rodríguez-Sala, María Luisa (autor)
Autres auteurs: Ramírez Ortega, Verónica (colaboración) (colaboración), Viesca Treviño, Carlos (prólogo) (prólogo)
Format: Livre
Langue:espagnol
Publié: México : UNAM : Academia Mexicana de Cirugía : Secretaría de Salud : Hospital de Jesús, Patronato, 2006, c2006
Collection:(Los Cirujanos en la Nueva España ; 5)
Sujets:
Tags: Ajouter un tag
Pas de tags, Soyez le premier à ajouter un tag!

MARC

LEADER 00000nam^a2200000^a^4500
001 000395125
005 20250521000000.0
009 20260310121355.63
020 |a 970-32-3890-4 
037 |a Acervo ITESO - Biblioteca 
041 |a ESP 
082 |a 610. 97203  |b CIR V. 5 
100 |a Rodríguez-Sala, María Luisa  |e (autor) 
240 1 5 |a [Los cirujanos en la Nueva España] 
245 1 4 |a Los cirujanos de hospitales de la Nueva España :  |b 1700-1833 : ¿miembros de un estamento profesional o de una comunidad científica? /  |c M.L. Rodríguez-Sala ; colaboración de V. Ramírez Ortega... [et al.] ; pról. de C. Viesca Treviño. 
264 4 |a México :  |b UNAM :  |b Academia Mexicana de Cirugía :  |b Secretaría de Salud :  |b Hospital de Jesús, Patronato,  |c 2006, c2006 
300 |a 275 p. 
336 |a texto  |b txt  |2 rdacontenido 
337 |a sin mediación  |b n  |2 rdamedio 
338 |a volumen  |b nc  |2 rdasoporte 
440 5 |a (Los Cirujanos en la Nueva España ;  |v 5) 
520 |a Serie que reconstruye las prácticas, interrelaciones y campos de acción de la medicina novohispana (hospitales, barcos, conventos, cárceles, etc.), rescatando a sus grandes protagonistas personales e institucionales. 
649 |a XX 
650 |a Médicos -  |z México -  |x Historia -  |y Epoca Colonial, 1517-1821 -  |x Tema Principal 
650 |a Profesiones -  |z México -  |x Historia -  |y Epoca Colonial, 1517-1821 
650 |a Científicos -  |z México -  |x Historia -  |y Epoca Colonial, 1517-1821 
650 |a Ciencia -  |z México -  |x Historia -  |y Epoca Colonial, 1517-1821 
650 |a Hospitales -  |z México -  |x Historia -  |y Epoca Colonial, 1517-1821 -  |x Tema Principal 
650 |a Medicina -  |z México -  |x Historia -  |y Epoca Colonial, 1517-1821 -  |x Tema Principal 
650 |a Sociología de la Medicina 
650 |a Sociología de la Cultura 
650 |a Historia Social 
650 |a México -  |x Historia -  |y Epoca Colonial, 1517-1821 
700 |a Ramírez Ortega, Verónica  |e (colaboración) 
700 |a Viesca Treviño, Carlos  |e (prólogo) 
910 |a Fondo General 
920 |a Impresos - Libros 
930 |a Colección General 
905 |a 101 
901 |a 0500290427  |b IT1  |c ACC  |i C155747  |u 20250521 
902 |a https://opac.biblio.iteso.mx/vufind/Record/000395125